<?xml version="1.0" encoding="UTF-8"?>
<collection xmlns="http://www.loc.gov/MARC21/slim">
 <record>
  <leader>03174nam a2200301 a 4500</leader>
  <controlfield tag="001">1/44640</controlfield>
  <controlfield tag="008">140624s2002    us            001 0 eng  </controlfield>
  <datafield tag="020" ind1=" " ind2=" ">
   <subfield code="a">9781928994428</subfield>
  </datafield>
  <datafield tag="020" ind1=" " ind2=" ">
   <subfield code="a">1928994423</subfield>
  </datafield>
  <datafield tag="035" ind1=" " ind2=" ">
   <subfield code="l">47594</subfield>
  </datafield>
  <datafield tag="040" ind1=" " ind2=" ">
   <subfield code="a">OPELS</subfield>
   <subfield code="b">eng</subfield>
   <subfield code="c">OPELS</subfield>
   <subfield code="d">BAKER</subfield>
   <subfield code="d">OKU</subfield>
   <subfield code="d">OCLCQ</subfield>
   <subfield code="d">OKU</subfield>
   <subfield code="d">OCLCQ</subfield>
   <subfield code="d">E7B</subfield>
   <subfield code="d">OCLCQ</subfield>
   <subfield code="d">OCLCF</subfield>
   <subfield code="d">GR-PeUP</subfield>
  </datafield>
  <datafield tag="100" ind1="1" ind2=" ">
   <subfield code="a">Kammer, David.</subfield>
  </datafield>
  <datafield tag="245" ind1="1" ind2="0">
   <subfield code="a">Bluetooth application developer's guide</subfield>
   <subfield code="h">[electronic resource] :</subfield>
   <subfield code="b">the short range interconnect solution /</subfield>
   <subfield code="c">David Kammer, Gordon McNutt, Brian Senese ; technical editor, Jennifer Bray.</subfield>
  </datafield>
  <datafield tag="260" ind1=" " ind2=" ">
   <subfield code="a">Rockland, Mass. :</subfield>
   <subfield code="b">Syngress Pub.,</subfield>
   <subfield code="c">2002.</subfield>
  </datafield>
  <datafield tag="300" ind1=" " ind2=" ">
   <subfield code="a">1 online resource (xxviii, 526 p.) :</subfield>
   <subfield code="b">ill.</subfield>
  </datafield>
  <datafield tag="500" ind1=" " ind2=" ">
   <subfield code="a">Includes index.</subfield>
  </datafield>
  <datafield tag="505" ind1="0" ind2=" ">
   <subfield code="a">Introducing Bluetooth applications -- Exploring the foundations of Bluetooth -- Power management -- Security management -- Service discovery -- Linux Bluetooth development -- Embedding Bluetooth applications -- Using the Palm OS for Bluetooth applications -- Designing an audio application -- Personal information base case study -- Bluetooth application developer's guide fast track.</subfield>
  </datafield>
  <datafield tag="520" ind1=" " ind2=" ">
   <subfield code="a">&quot;Bluetooth (enabled devices) will ship in the billions of units once it gains momentum.&quot;--Martin Reynolds, Gartner Group Bluetooth is the most exciting development in wireless computing this decade! Bluetooth enabled devices can include everything from network servers, laptop computers and PDAs, to stereos and home security systems. Most Bluetooth products to hit the market in 2001 will be PC cards for laptop computers and access points, which allow up to seven Bluetooth devices to connect to a network. Reports indicate that by the end of 2003 there will be over 2 billion Bluetooth-enabled devices. Bluetooth-enabled devices communicate with each other through embedded software applications. Bluetooth Developer's Guide to Embedded Applications will provide embedded applications developers with advanced tutorials and code listings written to the latest Bluetooth's latest specification, version 1.1. Written by Bluetooth pioneers from market leaders in Bluetooth software development, Extended Systems and Cambridge Silicon Radio, this is the first advanced level Bluetooth developer title on the market. White Hot Topic!. While other books introduce readers to the possibilities of Bluetooth, this is the first comprehensive, advanced level programming book written specifically for embedded application developers Authors are responsible for SDK, the market-leading development tool for Bluetooth Comes with Syngress' revolutionary Credit Card CD containing a printable HTML version of the book, all of the source code and sample applications from Extended Systems and Cambridge Silicon Radio.</subfield>
  </datafield>
  <datafield tag="650" ind1=" " ind2="4">
   <subfield code="a">Bluetooth technology.</subfield>
  </datafield>
  <datafield tag="650" ind1=" " ind2="4">
   <subfield code="a">Computer network protocols.</subfield>
  </datafield>
  <datafield tag="655" ind1=" " ind2="4">
   <subfield code="a">Electronic books.</subfield>
  </datafield>
  <datafield tag="700" ind1="1" ind2=" ">
   <subfield code="a">McNutt, Gordon.</subfield>
  </datafield>
  <datafield tag="700" ind1="1" ind2=" ">
   <subfield code="a">Senese, Brian P.</subfield>
  </datafield>
  <datafield tag="700" ind1="1" ind2=" ">
   <subfield code="a">Bray, Jennifer,</subfield>
   <subfield code="d">1964-</subfield>
  </datafield>
  <datafield tag="852" ind1=" " ind2=" ">
   <subfield code="a">INST</subfield>
   <subfield code="b">UNIPILB</subfield>
   <subfield code="c">EBOOKS</subfield>
   <subfield code="e">20140624</subfield>
   <subfield code="p">00b47594</subfield>
   <subfield code="q">00b47594</subfield>
   <subfield code="t">ONLINE</subfield>
   <subfield code="y">0</subfield>
  </datafield>
  <datafield tag="856" ind1="4" ind2="0">
   <subfield code="3">ScienceDirect</subfield>
   <subfield code="u">http://www.sciencedirect.com/science/book/9781928994428</subfield>
  </datafield>
  <datafield tag="856" ind1="4" ind2=" ">
   <subfield code="d">/webopac/covers/03/47594_9781928994428.jpg</subfield>
  </datafield>
  <datafield tag="856" ind1="4" ind2=" ">
   <subfield code="d">/webopac/covers/03/47594_1928994423.jpg</subfield>
  </datafield>
 </record>
</collection>
